000 00647nam a2200205Ia 4500
003 GCL
008 140319s9999 xx 000 0 ara d
040 _aGCL /
_cGCL
082 0 4 _a133.54
_bم ب
100 1 _aمجموعة من الفلكين المتخصصين
245 1 0 _aبرج الحمل /
_cمجموعة من الفلكين المتخصصين
260 _aبيروت :
_bدار الراتب الجامعية ،
_c1994
300 _a159 ؛
_c18 سم
490 _aيوميات الابراج
_v0
650 0 4 _aالتنبؤ
650 0 4 _aالابراج
650 0 4 _aالتنجيم
650 0 4 _aبرج الحمل
942 _2ddc
_cBK
999 _c53114
_d53114